LEADER 01165cam2 2200301 450 001 E600200039515 005 20230608104119.0 100 $a20080911d1976 |||||ita|0103 ba 101 $ager 102 $aDE 200 1 $aProsa$eBand II-IV$fHugo von Hofmannsthal 210 $aFrankfurt am Main$cFischer Verlag, 1976$d1977 215 $a3 v.$d20 cm 461 1$1001SOBE00076072$12001 $aGesammelte Werke in Einzelausgaben / Hugo von Hofmannsthal$v2-4 700 1$aHofmannsthal$b, Hugo : von$3AF00006337$4070$0319069 801 0$aIT$bUNISOB$c20230608$gRICA 850 $aUNISOB 852 $aUNISOB$j830$m40346 852 $aUNISOB$j830$m40347 852 $aUNISOB$j830$m40348 912 $aE600200039515 940 $aM 102 Monografia moderna SBN 941 $aM 957 $a830$b000490$i-2$gSi$d40346$racquisto$1beth$2UNISOB$3UNISOB$420080911104010.0$520230608103937.0$6bethb 957 $a830$b000490$i-3$gSI$d40347$racquisto$1bethb$2UNISOB$3UNISOB$420230608103939.0$520230608104000.0$6bethb 957 $a830$b000490$i-4$gSI$d40348$racquisto$1bethb$2UNISOB$3UNISOB$420230608104003.0$520230608104038.0$6bethb 996 $aProsa$9558678 997 $aUNISOB LEADER 00983nam0 22002411i 450 001 UON00211246 005 20231205103336.30 100 $a20030730d1975 |0itac50 ba 101 $aita 102 $aIT 105 $a|||| ||||| 200 1 $a Studi in onore di Pasquale Saraceno$ela raccolta degli studi è stata curata da un comitato composto da Piero Barucci ; Gian Giacomo Dell'Angelo 210 $aMilano$cGiuffré$d1975. 1157 p. ; 24 cm. 620 $aIT$dMilano$3UONL000005 702 1$aBARUCCI$bPiero$3UONV096388 702 1$aDELL'ANGELO$bGian Giacomo$3UONV127209 712 $aGiuffrè$3UONV257275$4650 801 $aIT$bSOL$c20240220$gRICA 899 $aSIBA - SISTEMA BIBLIOTECARIO DI ATENEO$2UONSI 912 $aUON00211246 950 $aSIBA - SISTEMA BIBLIOTECARIO DI ATENEO$dSI VII GEO E A 0025 $eSI SS 59 5 0025 996 $aStudi in onore di Pasquale Saraceno$9454218 997 $aUNIOR LEADER 03570nam 22006975 450 001 9910865237303321 005 20260330162804.0 010 $a9783031588235$b(electronic bk.) 010 $z9783031588228 024 7 $a10.1007/978-3-031-58823-5 035 $a(MiAaPQ)EBC31495517 035 $a(Au-PeEL)EBL31495517 035 $a(CKB)32315570500041 035 $a(DE-He213)978-3-031-58823-5 035 $a(OCoLC)1443487953 035 $a(EXLCZ)9932315570500041 100 $a20240618d2024 u| 0 101 0 $aeng 135 $aurcnu|||||||| 181 $ctxt$2rdacontent 182 $cc$2rdamedia 183 $acr$2rdacarrier 200 10$aNeoliberal Crises and the Academisation of the English School System $eWhy Governing Boards Choose to Join Multi-Academy Trusts /$fby Ian Dewes 205 $a1st ed. 2024. 210 1$aCham :$cSpringer Nature Switzerland :$cImprint: Palgrave Macmillan,$d2024. 215 $a1 online resource (179 pages) 311 08$aPrint version: Dewes, Ian Neoliberal Crises and the Academisation of the English School System Cham : Palgrave Macmillan,c2024 9783031588228 327 $aChapter 1: Introduction -- Chapter 2: Neoliberalism, Crisis and Education -- Chapter 3: Research Methodologies -- Chapter 4: The Crisis in Governance -- Chapter 5: The Crisis in finance -- Chapter 6: The crisis in the role of Local Authorities -- Chapter 7: Other tensions experienced by governing boards.-Chapter 8: Conclusions. 330 $aThis book examines the impact of neoliberalism on the academisation of the English school system. The growth of multi-academy trusts (MATs) has been a significant change in the English educational landscape. While some schools have been forced to join MATs, many of them have made this change because their governing board has chosen to do so. The author of this book examines the reasons why many governing bodies have still decided to join a MAT, despite numerous controversies linked to them. He applies the theory that neoliberalism perpetuates itself by creating crises which require more neoliberal policy solutions. Using three case-study schools, the extent to which various crises in the English education system have encouraged governing boards to join MATs is studied. The book will be of interest to academics and students of education policy, schooling, and the sociology of education. Ian Dewes is the CEO of Odyssey Collaborative Trust, an academy trust in Derby, UK, with seven schools. 606 $aEducation and state 606 $aSchools 606 $aEducational sociology 606 $aPolitical planning 606 $aWelfare state 606 $aEducation Policy 606 $aSchool and Schooling 606 $aSociology of Education 606 $aPublic Policy 606 $aWelfare 606 $aAdministració escolar$2thub 607 $aAnglaterra$2thub 608 $aLlibres electrònics$2thub 615 0$aEducation and state. 615 0$aSchools. 615 0$aEducational sociology. 615 0$aPolitical planning. 615 0$aWelfare state. 615 14$aEducation Policy. 615 24$aSchool and Schooling. 615 24$aSociology of Education. 615 24$aPublic Policy. 615 24$aWelfare. 615 7$aAdministració escolar 676 $a379.42 700 $aDewes$b Ian$01742668 801 0$bMiAaPQ 801 1$bMiAaPQ 801 2$bMiAaPQ 912 $a9910865237303321 996 $aNeoliberal Crises and the Academisation of the English School System$94169380 997 $aUNINA